[Event "Ceske Budejovice op-A"]
[Site "Ceske Budejovice"]
[Date "2023.07.03"]
[Round "3"]
[White "Plischki, Sebastian"]
[Black "Prazak, Daniel"]
[Result "1-0"]
[WhiteElo "2326"]
[BlackElo "2082"]
[PlyCount "129"]
[EventDate "2023.07.01"]
[EventType "swiss"]
[EventRounds "9"]
[EventCountry "CZE"]
[SourceTitle "CBM 215 Extra"]
[Source "ChessBase"]
[SourceDate "2023.09.30"]
[SourceVersion "1"]
[SourceVersionDate "2023.09.30"]
[SourceQuality "1"]

1. d4 e6 2. Nf3 d5 3. c4 Nf6 4. g3 Be7 5. Bg2 0-0 6. Qd3 a6 7. Bf4 Nh5 8. Bd2 Nf6 9. 0-0 dxc4 10. Qxc4 b5 11. Qc2 Bb7 12. Rc1 Bd6 13. Bg5 Nbd7 14. Nbd2 Rc8 15. Bxf6 Nxf6 16. Nb3 Be4 17. Qd1 Qe7 18. a4 c5 19. axb5 axb5 20. dxc5 Bxc5 21. Nxc5 Rxc5 22. Rxc5 Qxc5 23. Qd4 Qc7 24. Ne1 Rd8 25. Qe3 Bxg2 26. Kxg2 Nd5 27. Qa7 Qc6 28. Nf3 g6 29. Qxf7+ Kxf7 30. Ne5+ Kf6 31. Nxc6 Rc8 32. Nd4 Rc4 33. e3 Ra4 34. Ra3 Rxa3 35. bxa3 Nc3 36. f4 e5 37. Nc2 Ke6 38. Kf3 exf4 39. gxf4 Kd5 40. h4 h5 41. Nb4+ Kc5 42. e4 Nb1 43. f5 gxf5 44. exf5 Kd6 45. Kf4 Nxa3 46. Kg5 Ke7 47. Nc6+ Kf8 48. Kxh5 Nc4 49. Kg6 Nd6 50. h5 Nf7 51. h6 b4 52. Nxb4 Ne5+ 53. Kf6 Ng4+ 54. Kg5 Ne5 55. Nd5 Kf7 56. Ne3 Nf3+ 57. Kf4 Nd4 58. Ng4 Kg8 59. Ne5 Kh7 60. Ng4 Kg8 61. Ke5 Nc6+ 62. Kf6 Nd4 63. Kg6 Nf3 64. f6 Kh8 65. f7 1-0

[Event "Pobeskydy Talents op 42nd"]
[Site "Frydek Mistek"]
[Date "2023.04.07"]
[Round "3"]
[White "Kowalec, Maciej"]
[Black "Prazak, Daniel"]
[Result "1/2-1/2"]
[WhiteElo "2133"]
[BlackElo "2112"]
[PlyCount "33"]
[EventDate "2023.04.06"]
[EventType "swiss"]
[EventRounds "9"]
[EventCountry "CZE"]
[SourceTitle "EXT 2024"]
[Source "ChessBase"]
[SourceDate "2023.10.10"]
[SourceVersion "1"]
[SourceVersionDate "2023.10.10"]
[SourceQuality "1"]

1. c4 c6 2. Nc3 d5 3. e3 Nf6 4. d4 e6 5. Nf3 Nbd7 6. Qc2 Bd6 7. Bd3 0-0 8. b3 e5 9. dxe5 Nxe5 10. Nxe5 Bxe5 11. Bb2 Re8 12. 0-0-0 Qe7 13. Kb1 dxc4 14. Bxc4 Be6 15. Bxe6 Qxe6 16. h3 Red8 17. Rxd8+ 1/2-1/2

[Event "CZE-ch U16"]
[Site "Teplice"]
[Date "2023.03.13"]
[Round "4"]
[White "Simunek, Jakub Simon"]
[Black "Prazak, Daniel"]
[Result "0-1"]
[WhiteElo "1970"]
[BlackElo "2064"]
[PlyCount "66"]
[EventDate "2023.03.11"]
[EventType "swiss"]
[EventRounds "9"]
[EventCountry "CZE"]
[SourceTitle "CBM 213 Extra"]
[Source "ChessBase"]
[SourceDate "2023.05.31"]
[SourceVersion "1"]
[SourceVersionDate "2023.05.31"]
[SourceQuality "1"]

1. e4 c5 2. Nf3 e6 3. g3 Nc6 4. Bg2 Nf6 5. d3 a6 6. 0-0 d6 7. c3 Be7 8. Qe2 0-0 9. d4 d5 10. e5 Ne4 11. Nbd2 Nxd2 12. Bxd2 Bd7 13. h4 Rc8 14. Rfd1 cxd4 15. cxd4 Qb6 16. Bg5 Bxg5 17. Nxg5 h6 18. Nh3 Ne7 19. Nf4 Rc4 20. Rac1 Rfc8 21. Qd2 Rxc1 22. Rxc1 Rxc1+ 23. Qxc1 Nc6 24. Ne2 Nxd4 25. Nxd4 Qxd4 26. Qc7 Bc6 27. Qd8+ Kh7 28. Qc7 Qxb2 29. Qxf7 Qxe5 30. Bh3 Qe1+ 31. Kh2 d4 32. g4 Qh1+ 33. Kg3 Qg1+ 0-1

[Event "EU-ch Blitz"]
[Site "Katowice"]
[Date "2022.12.16"]
[Round "19"]
[White "Polster, Christian"]
[Black "Prazak, Daniel"]
[Result "0-1"]
[WhiteElo "2235"]
[BlackElo "2007"]
[PlyCount "96"]
[EventDate "2022.12.16"]
[EventType "swiss (blitz)"]
[EventRounds "22"]
[EventCountry "POL"]
[SourceTitle "CBM 211 Extra"]
[Source "ChessBase"]
[SourceDate "2023.01.31"]
[SourceVersion "1"]
[SourceVersionDate "2023.01.31"]
[SourceQuality "1"]

1. e4 e6 2. d4 d5 3. Bd3 c5 4. exd5 exd5 5. dxc5 Bxc5 6. Nf3 Nf6 7. 0-0 0-0 8. h3 Nc6 9. Nbd2 Re8 10. Nb3 Bb6 11. Bf4 Ne4 12. c3 Qf6 13. Bh2 Bf5 14. Nbd4 Nxd4 15. cxd4 Rad8 16. Be5 Qe6 17. Rc1 Rc8 18. Qb3 Bg6 19. Bb5 Red8 20. Qe3 Bh5 21. Nd2 Rxc1 22. Rxc1 Qxe5 23. dxe5 Bxe3 24. fxe3 Nxd2 25. Rc7 Nc4 26. Rxb7 Nxe3 27. Rxa7 d4 28. a4 h6 29. Bd3 Bg6 30. Bxg6 fxg6 31. e6 d3 32. Rd7 Re8 33. Rxd3 Rxe6 34. b4 Nc4 35. Rc3 Nb6 36. a5 Nd5 37. Rb3 Ra6 38. Kf2 Kf7 39. Ke2 Ke6 40. Kd3 Kd6 41. Kc4 Rc6+ 42. Kb5 g5 43. Rd3 Rc3 44. Rd2 Rb3 45. Rd4 Ke5 46. Kc4 Rxb4+ 47. Kc5 Rxd4 48. a6 Ra4 0-1

[Event "Stare Mesto op"]
[Site "Stare Mesto"]
[Date "2022.08.15"]
[Round "4"]
[White "Kovarik, David"]
[Black "Prazak, Daniel"]
[Result "1/2-1/2"]
[WhiteElo "1741"]
[BlackElo "2109"]
[PlyCount "25"]
[EventDate "2022.08.12"]
[EventType "swiss"]
[EventRounds "9"]
[EventCountry "CZE"]
[SourceTitle "CBM 209 Extra"]
[Source "ChessBase"]
[SourceDate "2022.09.30"]
[SourceVersion "1"]
[SourceVersionDate "2022.09.30"]
[SourceQuality "1"]

1. e4 e6 2. d4 d5 3. Nd2 c5 4. Ngf3 a6 5. exd5 exd5 6. c4 Nf6 7. cxd5 cxd4 8. Bc4 b5 9. Qe2+ Qe7 10. Bd3 Qxe2+ 11. Bxe2 Bc5 12. Nb3 Bb6 13. Nfxd4 1/2-1/2

[Event "CZE-ch U14"]
[Site "Luhacovice"]
[Date "2022.03.15"]
[Round "5"]
[White "Prazak, Daniel"]
[Black "Fizer, Marek"]
[Result "1-0"]
[WhiteElo "2016"]
[BlackElo "1876"]
[PlyCount "59"]
[EventDate "2022.03.12"]
[EventType "swiss"]
[EventRounds "9"]
[EventCountry "CZE"]
[SourceTitle "EXT 2023"]
[Source "ChessBase"]
[SourceDate "2022.10.05"]
[SourceVersion "1"]
[SourceVersionDate "2022.10.05"]
[SourceQuality "1"]

1. e4 c5 2. Nf3 e6 3. g3 Nc6 4. Bg2 Qc7 5. 0-0 Nf6 6. Re1 d6 7. c3 Be7 8. d4 cxd4 9. cxd4 0-0 10. Nc3 Rd8 11. Bf4 Qb6 12. Qd2 d5 13. e5 Ne8 14. Rab1 Bd7 15. h4 Na5 16. Bg5 f6 17. exf6 Bxf6 18. Ne5 Nc4 19. Nxc4 dxc4 20. d5 h6 21. Bf4 exd5 22. Nxd5 Qd4 23. Qxd4 Bxd4 24. Ne7+ Kh8 25. Bxb7 Rab8 26. Bxb8 Rxb8 27. Bd5 Nf6 28. Bxc4 Ng4 29. Re2 Ne5 30. Rxe5 1-0

[Event "Prague op-A 20th"]
[Site "Prague"]
[Date "2022.01.07"]
[Round "1"]
[White "Prazak, Daniel"]
[Black "Blahynka, Martin"]
[Result "0-1"]
[WhiteElo "2005"]
[BlackElo "2391"]
[PlyCount "72"]
[EventDate "2022.01.07"]
[EventType "swiss"]
[EventRounds "9"]
[EventCountry "CZE"]
[SourceTitle "CBM 206 Extra"]
[Source "ChessBase"]
[SourceDate "2022.03.31"]
[SourceVersion "1"]
[SourceVersionDate "2022.03.31"]
[SourceQuality "1"]

1. e4 c5 2. Nf3 d6 3. Bb5+ Nd7 4. d4 cxd4 5. Qxd4 a6 6. Bxd7+ Bxd7 7. Nc3 Rc8 8. 0-0 e5 9. Qd3 Qc7 10. Rd1 h6 11. Nd2 Nf6 12. Nf1 Qc4 13. Qxc4 Rxc4 14. Ne3 Rd4 15. f3 Rxd1+ 16. Nexd1 Be7 17. Ne3 h5 18. b3 Be6 19. Ba3 Kd7 20. Rd1 Rc8 21. Rd3 Ne8 22. Ncd5 Bxd5 23. Rxd5 g6 24. Kf2 Ke6 25. c4 f5 26. Rd1 fxe4 27. fxe4 Nf6 28. Nd5 Nxe4+ 29. Ke3 Nc5 30. Rf1 Bg5+ 31. Ke2 b5 32. g3 Ne4 33. Kd3 Nd2 34. Rc1 bxc4+ 35. bxc4 e4+ 36. Ke2 Nxc4 0-1

[Event "EU-ch Hybrid U14"]
[Site "Tornelo INT"]
[Date "2021.10.15"]
[Round "7"]
[White "Kiziria, Kakhaber"]
[Black "Prazak, Daniel"]
[Result "0-1"]
[WhiteElo "1503"]
[BlackElo "1945"]
[PlyCount "130"]
[EventDate "2021.10.15"]
[EventType "swiss"]
[EventRounds "9"]
[EventCountry "NET"]
[SourceTitle "EXT 2023"]
[Source "ChessBase"]
[SourceDate "2022.10.05"]
[SourceVersion "1"]
[SourceVersionDate "2022.10.05"]
[SourceQuality "1"]
[WhiteTeam "Georgia"]
[BlackTeam "Czech Republic"]
[WhiteTeamCountry "GEO"]
[BlackTeamCountry "CZE"]

1. e4 c5 2. Nf3 d6 3. d4 cxd4 4. Nxd4 Nf6 5. Nc3 a6 6. Bg5 Nbd7 7. f4 Qc7 8. Qf3 h6 9. Bh4 g5 10. fxg5 hxg5 11. Bxg5 Qc5 12. Nf5 e6 13. Bxf6 Nxf6 14. Ng3 Nd7 15. 0-0-0 Ne5 16. Qf6 Qe3+ 17. Rd2 Rh6 18. Qf2 Qxf2 19. Rxf2 Ng4 20. Rd2 Rxh2 21. Kd1 Bh6 22. Rxh2 Nxh2 23. Rxd6 Ng4 24. Nh5 Ke7 25. Rb6 Ne3+ 26. Ke2 Nxc2 27. Kd3 Ne3 28. Be2 Nxg2 29. Nd5+ exd5 30. Rxh6 dxe4+ 31. Kxe4 Bd7 32. Bc4 Bc6+ 33. Ke5 Ne3 34. Be2 Rd8 35. Kf4 Ng2+ 36. Kg3 Rg8+ 37. Kf2 Rg6 38. Rh8 Rd6 39. Kf1 Ne3+ 40. Kf2 Nd1+ 41. Bxd1 Rxd1 42. Ke2 Rb1 43. b3 Rb2+ 44. Kd3 Rh2 45. Rh6 Rxa2 46. Ng3 Rf2 47. Nh5 Rf3+ 48. Kc4 Rh3 49. Ng7 Rxh6 50. Nf5+ Kf6 51. Nxh6 Kg6 52. Ng4 f5 53. Nf2 f4 54. Kd4 Kf5 55. b4 b6 56. Nd3 Be4 57. Ne1 f3 58. Ke3 Ke5 59. Nxf3+ Bxf3 60. Kxf3 Kd4 61. Ke2 Kc4 62. b5 axb5 63. Kd2 Kb3 64. Kc1 Ka2 65. Kc2 b4 0-1

[Event "EU-ch Hybrid U14"]
[Site "Tornelo INT"]
[Date "2021.10.15"]
[Round "9"]
[White "Magalakis, Stefanos"]
[Black "Prazak, Daniel"]
[Result "1/2-1/2"]
[WhiteElo "2065"]
[BlackElo "1945"]
[PlyCount "83"]
[EventDate "2021.10.15"]
[EventType "swiss"]
[EventRounds "9"]
[EventCountry "NET"]
[SourceTitle "EXT 2023"]
[Source "ChessBase"]
[SourceDate "2022.10.05"]
[SourceVersion "1"]
[SourceVersionDate "2022.10.05"]
[SourceQuality "1"]
[WhiteTeam "Greece"]
[BlackTeam "Czech Republic"]
[WhiteTeamCountry "GRE"]
[BlackTeamCountry "CZE"]

1. Nf3 Nf6 2. c4 c5 3. g3 d5 4. cxd5 Nxd5 5. b3 Nc6 6. Bb2 f6 7. Bg2 e5 8. 0-0 Be6 9. d3 Be7 10. Nbd2 0-0 11. Rc1 Rc8 12. a3 Qd7 13. Re1 Rfd8 14. Ne4 b6 15. Nc3 Nxc3 16. Bxc3 e4 17. Nd2 exd3 18. exd3 Bf5 19. Be4 Bxe4 20. dxe4 Ne5 21. Rc2 c4 22. Bxe5 fxe5 23. Qb1 c3 24. Nc4 Qd4 25. Rcc1 Bg5 26. Ne3 Bxe3 27. fxe3 Qd3 28. Qxd3 Rxd3 29. Rc2 b5 30. Kf2 a5 31. b4 axb4 32. axb4 Rc4 33. Ke2 Rd8 34. Rb1 Rdc8 35. Kd3 Rd8+ 36. Ke2 Ra8 37. Rb3 Rxe4 38. Rcxc3 Ra4 39. Rc5 Rexb4 40. Rxb5 Ra2+ 41. Kf3 e4+ 42. Kg4 1/2-1/2

[Event "EU-ch Hybrid U14"]
[Site "Tornelo INT"]
[Date "2021.10.15"]
[Round "8"]
[White "Prazak, Daniel"]
[Black "Ince, Taylan Ruzgar"]
[Result "1/2-1/2"]
[WhiteElo "1945"]
[BlackElo "2124"]
[PlyCount "212"]
[EventDate "2021.10.15"]
[EventType "swiss"]
[EventRounds "9"]
[EventCountry "NET"]
[SourceTitle "EXT 2023"]
[Source "ChessBase"]
[SourceDate "2022.10.05"]
[SourceVersion "1"]
[SourceVersionDate "2022.10.05"]
[SourceQuality "1"]
[WhiteTeam "Czech Republic"]
[BlackTeam "Turkey"]
[WhiteTeamCountry "CZE"]
[BlackTeamCountry "TUR"]

1. c4 Nf6 2. Nc3 d5 3. cxd5 Nxd5 4. Nf3 g6 5. e4 Nxc3 6. dxc3 Qxd1+ 7. Kxd1 f6 8. Kc2 e5 9. Be3 Be6 10. Nd2 Nd7 11. Bc4 Kf7 12. Rhd1 Bd6 13. Bxe6+ Kxe6 14. Nc4 f5 15. g3 Nf6 16. exf5+ gxf5 17. f4 e4 18. Bd4 Rhd8 19. Bxf6 Kxf6 20. Rd5 Ke6 21. Rad1 Rd7 22. R1d4 Rf8 23. Ne3 c6 24. Rxf5 Rxf5 25. Rxe4+ Kf6 26. Nxf5 Kxf5 27. Rd4 Rd8 28. b4 Bc7 29. Rc4 Bb6 30. a4 Be3 31. Kb3 h5 32. b5 c5 33. a5 Kg4 34. Re4 Bg1 35. Re5 Bxh2 36. Rg5+ Kf3 37. Rxh5 Bxg3 38. Rh7 Rb8 39. Kc4 Bxf4 40. Kxc5 Rc8+ 41. Kd5 Bc7 42. b6 axb6 43. axb6 Bxb6 44. Rxb7 Be3 45. Rb3 Rc5+ 46. Kd6 Ke2 47. Ra3 Rc4 48. Kd5 Kd3 49. Rb3 Bc1 50. Rb5 Be3 51. Rb3 Rc5+ 52. Kd6 Kc4 53. Ra3 Rh5 54. Kc6 Bc5 55. Ra1 Rh6+ 56. Kd7 Kxc3 57. Ra4 Bd4 58. Ke7 Kd3 59. Kf7 Ke4 60. Ra5 Rh7+ 61. Ke6 Rh6+ 62. Kf7 Be5 63. Ke7 Rc6 64. Kd7 Rh6 65. Ke7 Bc3 66. Rb5 Bd4 67. Ra5 Bb6 68. Rb5 Kd4 69. Rb1 Kd5 70. Kf7 Bd4 71. Rb5+ Ke4 72. Ke7 Kd3 73. Ra5 Kc4 74. Ra4+ Kd5 75. Ra5+ Bc5+ 76. Kf7 Rc6 77. Ra1 Ke4 78. Re1+ Be3 79. Ke7 Kf4 80. Rf1+ Kg4 81. Kd7 Rh6 82. Rb1 Bf4 83. Rb5 Kf3 84. Ra5 Ke4 85. Ra1 Be5 86. Ra5 Rd6+ 87. Ke7 Kf5 88. Ra2 Rc6 89. Rf2+ Bf4 90. Kd7 Rc7+ 91. Kd8 Rh7 92. Kc8 Ke4 93. Re2+ Kd5 94. Rf2 Bd6 95. Rd2+ Ke6 96. Re2+ Be5 97. Rc2 Ra7 98. Rc1 Kd5 99. Rd1+ Bd4 100. Kb8 Rh7 101. Rd2 Kc5 102. Rc2+ Kb6 103. Kc8 Bc5 104. Rc1 Kc6 105. Rd1 Be3 106. Rd3 Rh8+ 1/2-1/2

[Event "Prague Menchik Memorial Rapid"]
[Site "Prague"]
[Date "2021.09.28"]
[Round "7"]
[White "Prazak, Daniel"]
[Black "Zima, Jan"]
[Result "1/2-1/2"]
[WhiteElo "1945"]
[BlackElo "2094"]
[PlyCount "111"]
[EventDate "2021.09.28"]
[EventType "swiss (rapid)"]
[EventRounds "9"]
[EventCountry "CZE"]
[SourceTitle "CBM 204 Extra"]
[Source "ChessBase"]
[SourceDate "2021.11.30"]
[SourceVersion "1"]
[SourceVersionDate "2021.11.30"]
[SourceQuality "1"]

1. d4 Nf6 2. Nf3 g6 3. c4 Bg7 4. Nc3 d5 5. cxd5 Nxd5 6. e4 Nxc3 7. bxc3 c5 8. Rb1 0-0 9. Be2 Qa5 10. Qd2 cxd4 11. cxd4 Qxd2+ 12. Bxd2 b6 13. Rc1 Bb7 14. Bd3 Nc6 15. Be3 e6 16. Ke2 Rfd8 17. Rc4 b5 18. Rc5 a6 19. a4 Nxd4+ 20. Bxd4 Bxd4 21. Rc7 Rab8 22. axb5 axb5 23. Rb1 Ba8 24. Ng5 Be5 25. Rc5 Bf6 26. Rbxb5 Rxb5 27. Rxb5 Bc6 28. Rc5 Be8 29. Nf3 Kg7 30. Rc7 Ra8 31. e5 Bd8 32. Rc2 Bb6 33. Rb2 Bc7 34. Rb7 Rc8 35. Be4 Kf8 36. Ke3 h6 37. h4 Ke7 38. Nd4 Kd8 39. Nc6+ Bxc6 40. Bxc6 Rb8 41. Rxb8+ Bxb8 42. Ke4 Ke7 43. Bb5 Ba7 44. f4 Bf2 45. h5 gxh5 46. Be2 h4 47. Bg4 Bg3 48. f5 Kf8 49. fxe6 fxe6 50. Bxe6 Ke7 51. Bh3 Kf7 52. Kd5 Ke7 53. Ke4 Kf7 54. Kf5 Ke7 55. Kg6 Bxe5 56. Kxh6 1/2-1/2

[Event "Ceske Budejovice op"]
[Site "Ceske Budejovice"]
[Date "2021.07.06"]
[Round "6"]
[White "Steiner, Bruno"]
[Black "Prazak, Daniel"]
[Result "1-0"]
[WhiteElo "2123"]
[BlackElo "1962"]
[PlyCount "57"]
[EventDate "2021.07.01"]
[EventType "swiss"]
[EventRounds "9"]
[EventCountry "CZE"]
[SourceTitle "CBM 203 Extra"]
[Source "ChessBase"]
[SourceDate "2021.09.30"]
[SourceVersion "1"]
[SourceVersionDate "2021.09.30"]
[SourceQuality "1"]

1. e3 e6 2. Nf3 f5 3. b3 Nf6 4. Bb2 d5 5. d3 Nbd7 6. Nbd2 Bd6 7. g3 0-0 8. Bg2 c6 9. e4 fxe4 10. dxe4 e5 11. 0-0 Qe7 12. Qe2 d4 13. c3 c5 14. cxd4 cxd4 15. Nc4 Nc5 16. Nxd6 Qxd6 17. Nxd4 exd4 18. e5 Qe6 19. Bxd4 Nfd7 20. f4 Rb8 21. Rad1 Kh8 22. f5 Rxf5 23. Rxf5 Qxf5 24. Bxc5 b5 25. Bxa7 Rb7 26. Bxb7 Bxb7 27. e6 Nf6 28. e7 Ne8 29. Qf2 1-0